000 00739nam a2200205 a 4500
001 000002259
005 20250708144319.0
008 090701s1995 dr a 001 0 spa d
040 _aDO-SdBNP
_bspa
_cBNPHU
082 _aRD868.44
_bB844m
100 1 _aBretón Martínez, Freddy Antonio de Jesús,
_d1947-
_eautor
_911012
245 1 3 _aLa máscara del tiempo :
_bhistorias de ayer y hoy /
_cFreddy Bretón ; prólogo Mateo Andrés.
260 _aSanto Domingo :
_bEdiciones MSC,
_c1995.
300 _a213 p. :
_bil. ;
_c22 cm.
650 4 _aFábulas dominicanas
_97204
650 0 _aCuentos dominicanos
_9176
650 0 _aLiteratura dominicana.
_967
700 1 _aAndrés, Mateo,
_epról.
_97205
910 _aValidado. Control de calidad MMOLINA
999 _c2105
_d2105